[Event "Foment Martinenc op-C 22nd"]
[Site "Barcelona"]
[Date "2022.05.28"]
[Round "6"]
[White "Cornejo Vila, Jordi"]
[Black "Ferrandiz Alvarez, Eloi"]
[Result "0-1"]
[WhiteElo "1499"]
[BlackElo "1504"]
[PlyCount "28"]
[EventDate "2022.04.23"]
[EventType "swiss"]
[EventRounds "9"]
[EventCountry "ESP"]
[SourceTitle "EXT 2023"]
[Source "ChessBase"]
[SourceDate "2022.10.05"]
[SourceVersion "1"]
[SourceVersionDate "2022.10.05"]
[SourceQuality "1"]

1. e4 e5 2. Nf3 Nc6 3. Bc4 Bc5 4. c3 Nf6 5. d3 d6 6. Bb3 Bg4 7. Nbd2 a6 8. a4 0-0 9. 0-0 d5 10. exd5 Nxd5 11. Ne4 Ba7 12. Bg5 f6 13. Bh4 Kh8 14. Ng3 g5 0-1

[Event "Foment Martinenc op-C 22nd"]
[Site "Barcelona"]
[Date "2022.04.23"]
[Round "1"]
[White "Cornejo Vila, Jordi"]
[Black "Ylla Soro, Rafael"]
[Result "0-1"]
[WhiteElo "1499"]
[BlackElo "1714"]
[PlyCount "56"]
[EventDate "2022.04.23"]
[EventType "swiss"]
[EventRounds "9"]
[EventCountry "ESP"]
[SourceTitle "EXT 2023"]
[Source "ChessBase"]
[SourceDate "2022.10.05"]
[SourceVersion "1"]
[SourceVersionDate "2022.10.05"]
[SourceQuality "1"]

1. e4 c5 2. Nf3 Nc6 3. d4 cxd4 4. Nxd4 e5 5. Nf3 Nf6 6. Bd3 Be7 7. Nc3 0-0 8. Be3 d6 9. h3 a6 10. Qd2 b5 11. a3 Bb7 12. 0-0 Qc7 13. Nh2 Rfd8 14. f4 exf4 15. Rxf4 Ne5 16. Qf2 d5 17. Bb6 Qc6 18. Bxd8 Rxd8 19. Re1 Bc5 20. Re3 Bxe3 21. Qxe3 d4 22. Nd5 Nxd5 23. exd5 dxe3 24. dxc6 Bxc6 25. Be2 Rd2 26. Kf1 Rxc2 27. Rd4 f6 28. Rd8+ Kf7 0-1